Welcome to CU Library Online Public Access Catalogue (OPAC)

The church in the way, (Record no. 6248)

MARC details
000 -LEADER
fixed length control field 00439nam a22001691 4500
001 - CONTROL NUMBER
control field 2171890
005 - DATE AND TIME OF LATEST TRANSACTION
control field 20250604100948.0
008 - FIXED-LENGTH DATA ELEMENTS--GENERAL INFORMATION
fixed length control field 740606s1967 nyu 000 0 eng
050 00 - LIBRARY OF CONGRESS CALL NUMBER
Classification number BV4011
Item number .D54
082 00 - DEWEY DECIMAL CLASSIFICATION NUMBER
Classification number 250
100 1# - MAIN ENTRY--PERSONAL NAME
Personal name Dittes, James E.
245 14 - TITLE STATEMENT
Title The church in the way,
Statement of responsibility, etc. by James E. Dittes.
260 ## - PUBLICATION, DISTRIBUTION, ETC.
Place of publication, distribution, etc. New York,
Name of publisher, distributor, etc. Scribner
Date of publication, distribution, etc. [1967]
300 ## - PHYSICAL DESCRIPTION
Extent xix, 358 p.
Dimensions 24 cm.
650 #0 - SUBJECT ADDED ENTRY--TOPICAL TERM
Topical term or geographic name entry element Pastoral theology.
942 ## - ADDED ENTRY ELEMENTS (KOHA)
Source of classification or shelving scheme Library of Congress Classification
Koha item type Books
Suppress in OPAC No
999 ## -
-- 6248
-- 6248
Holdings
Withdrawn status Lost status Source of classification or shelving scheme Damaged status Not for loan Collection Home library Current library Shelving location Date acquired Total checkouts Full call number Barcode Date last seen Copy number Price effective from Koha item type
    Library of Congress Classification     Non-fiction Undergraduate Library (Christ Temple) Undergraduate Library (Christ Temple) Fiction 06/04/2025   BV4011D54 DIT ulct00002989 06/04/2025 1 06/04/2025 Books
© 2023-2024 Copyright: Central University Libraries. All Rights Reserved | Created by: Mahone Tech Office